Phép tính tenxơ
Nội dung tài liệu giới thiệu về các khái niệm về Ten xơ căn bản, các phép tính về ten xơ, giải tích ten xơ,...
Đã lưu trong:
| 主要作者: | |
|---|---|
| 格式: | 图书 |
| 语言: | Undetermined |
| 出版: |
Hà Nội
Giáo Dục
1997
|
| 主题: | |
| 标签: |
添加标签
没有标签, 成为第一个标记此记录!
|
| Thư viện lưu trữ: | Trung tâm Học liệu Trường Đại học Cần Thơ |
|---|
| LEADER | 00675nam a2200205Ia 4500 | ||
|---|---|---|---|
| 001 | CTU_41509 | ||
| 008 | 210402s9999 xx 000 0 und d | ||
| 020 | |c 5700 | ||
| 082 | |a 515.63 | ||
| 082 | |b Ph452 | ||
| 100 | |a Trịnh, Phôi | ||
| 245 | 0 | |a Phép tính tenxơ | |
| 245 | 0 | |c Trịnh Phôi | |
| 260 | |a Hà Nội | ||
| 260 | |b Giáo Dục | ||
| 260 | |c 1997 | ||
| 520 | |a Nội dung tài liệu giới thiệu về các khái niệm về Ten xơ căn bản, các phép tính về ten xơ, giải tích ten xơ,... | ||
| 650 | |a Tensor analysis | ||
| 904 | |i Minh, Năm | ||
| 980 | |a Trung tâm Học liệu Trường Đại học Cần Thơ | ||